[Event "IECG QF.2003.0.00034"]
[Site "IECG email"]
[Date "2003.02.22"]
[Round "1"]
[White "Strik, Hans"]
[Black "Shah, Sehba"]
[Result "0-1"]
[WhiteElo "1000"]
[BlackElo "927"]
[PlyCount "46"]
[EventDate "2003.02.22"]
[EventType "tourn (corr)"]
[EventRounds "6"]
[SourceTitle "Corr 2008"]
[Source "ChessBase"]
[SourceDate "2008.06.24"]
[SourceVersion "1"]
[SourceVersionDate "2008.06.24"]
[SourceQuality "1"]

1. e4 c5 2. Nf3 Nc6 3. Bb5 g6 4. c3 Bg7 5. 0-0 Nf6 6. Re1 0-0 7. d4 cxd4 8. cxd4 d5 9. e5 Ne4 10. Nc3 Nxc3 11. bxc3 Qa5 12. Qb3 Bg4 13. Ba3 Rab8 14. Bxc6 bxc6 15. Bb4 Qc7 16. Qa3 Rfe8 17. Re3 Bh6 18. Ree1 Bxf3 19. gxf3 Qd7 20. Bc5 Qh3 21. f4 Bxf4 22. f3 Qxh2+ 23. Kf1 Bg3 0-1

[Event "IECG QF.2002.0.00026"]
[Site "IECG email"]
[Date "2002.10.20"]
[Round "?"]
[White "Strik, Hans"]
[Black "Groves, Patrick"]
[Result "0-1"]
[WhiteElo "1000"]
[BlackElo "1000"]
[PlyCount "36"]
[EventDate "2002.10.20"]
[EventType "tourn (corr)"]
[EventRounds "6"]
[SourceTitle "Corr 2008"]
[Source "ChessBase"]
[SourceDate "2008.06.24"]
[SourceVersion "1"]
[SourceVersionDate "2008.06.24"]
[SourceQuality "1"]

1. e4 e5 2. Nf3 d6 3. Bb5+ c6 4. Ba4 Nf6 5. d3 Be7 6. Be3 Nbd7 7. 0-0 0-0 8. Nc3 Ng4 9. g3 Nxe3 10. fxe3 Nc5 11. d4 Nxa4 12. Nxa4 f5 13. exf5 Bxf5 14. c3 e4 15. Qb3+ Kh8 16. Nd2 b5 17. Rf4 Bg5 18. Rf2 Bxe3 0-1

[Event "IECG QF.2002.0.00026"]
[Site "IECG email"]
[Date "2002.10.20"]
[Round "?"]
[White "Strik, Hans"]
[Black "Shah, Sehba"]
[Result "0-1"]
[WhiteElo "1000"]
[BlackElo "931"]
[PlyCount "64"]
[EventDate "2002.10.20"]
[EventType "tourn (corr)"]
[EventRounds "6"]
[SourceTitle "Corr 2024"]
[Source "ChessBase"]
[SourceDate "2023.10.19"]
[SourceVersion "1"]
[SourceVersionDate "2023.10.19"]
[SourceQuality "1"]

1. e4 c5 2. Nc3 Nc6 3. Nf3 e5 4. Bc4 Be7 5. d3 Nf6 6. Ng5 0-0 7. Nd5 Nxd5 8. Bxd5 Bxg5 9. 0-0 Bxc1 10. Rxc1 d6 11. Re1 Be6 12. c3 Bxd5 13. exd5 Ne7 14. c4 Nf5 15. Re4 Nd4 16. Qh5 f5 17. Rh4 h6 18. Re1 Qg5 19. Re3 f4 20. Reh3 Qxh5 21. Rxh5 f3 22. Kf1 fxg2+ 23. Kxg2 Ne2 24. Rf3 Nf4+ 25. Rxf4 Rxf4 26. Rh3 Raf8 27. f3 Rd4 28. Kg3 Rxd3 29. Kg4 Rf4+ 30. Kh5 Rdxf3 31. Rxf3 Rxf3 32. Kg6 e4 0-1